[Event "Moscow op-B 04th"]
[Site "Moscow"]
[Date "2008.02.08"]
[Round "7"]
[White "Anfinogenov, Artem"]
[Black "Umnov, Kirill"]
[Result "1/2-1/2"]
[WhiteElo "2048"]
[BlackElo "2203"]
[PlyCount "44"]
[EventDate "2008.02.02"]
[EventType "swiss"]
[EventRounds "9"]
[EventCountry "RUS"]
[SourceTitle "CBM 122 Extra"]
[Source "ChessBase"]
[SourceDate "2008.03.04"]
[SourceVersion "1"]
[SourceVersionDate "2008.03.04"]
[SourceQuality "1"]

1. e4 e5 2. Nf3 Nc6 3. Bc4 Nf6 4. Ng5 d5 5. exd5 Na5 6. Bb5+ c6 7. dxc6 bxc6 8. Be2 h6 9. Nf3 e4 10. Ne5 Bd6 11. d4 0-0 12. Nc3 Rb8 13. h3 c5 14. Nc4 Nxc4 15. Bxc4 cxd4 16. Qxd4 Qe7 17. 0-0 Rd8 18. Qe3 Rb4 19. b3 Qe5 20. Qg3 Qd4 21. Qe3 Qe5 22. Qg3 Qd4 1/2-1/2